000 01221nam a22002777a 4500
003 OSt
005 20251001171334.0
008 130821s2007 sp a gr spa
020 _a8423424685 (colección)
020 _a8423424782
040 _aCo-BoUCM
_bspa
_cCO-UdeC
041 1 0 _aspa
_heng
082 0 4 _a658.9
_bK35
100 1 _aKennedy, Michael N.
_9140541
245 1 3 _aEl desarrollo de productos en Toyota :
_bpor qué su sistema es cuatro veces más eficaz y cómo puede implementarlo en su empresa /
_cMichael N. Kennedy
260 _aBarcelona (España) :
_bDeusto,
_c2007
300 _a240 p. :
_bil. ;
_c24 cm.
490 0 _aGrandes casos empresariales
610 2 4 _aToyota Motor Corporation
_xAdministración
_vEstudio de casos
_94668
650 1 4 _aAdministración de empresas
_9435
650 2 4 _aAdministración de empresas
_zJapón
_vEstudio de casos
_9435
650 2 4 _aAdministración de la producción
_zJapón
_vEstudio de casos
_98553
650 2 4 _aCambio organizacional
_zJapón
_vEstudio de casos
_97360
765 _tProduct development for the lean enterprise : why Toyota's system is four times more productive and how you can implement it.
942 _cBK
_2ddc
_h658.9
_iK35
_n0
999 _c2152
_d2152